| 000 | 00696cam a2200241 a 4500 | ||
|---|---|---|---|
| 001 | 16833856 | ||
| 005 | 20171214035214.0 | ||
| 008 | 110618s2005 moua b 001 0 eng | ||
| 010 | _a 2011287056 | ||
| 020 | _a9780323027656 | ||
| 040 |
_aDLC _cDLC |
||
| 041 | _aeng | ||
| 042 | _apcc | ||
| 080 | _a618.2 COH | ||
| 082 | _2618.2 | ||
| 100 | 1 | _a1 | |
| 101 | _aINF | ||
| 245 | 1 | 0 |
_aNursing case management : _cElaine L. Cohen, Toni G. Cesta. |
| 504 | _aIncludes bibliographical references and index. | ||
| 906 |
_a7 _bcbc _corigcop _d2 _encip _f20 _gy-gencatlg |
||
| 942 |
_2ddc _cBK |
||
| 999 |
_c38892 _d38892 |
||